书目信息 |
| 题名: |
建筑师的家园
|
|
| 作者: | 金磊 编 | |
| 分册: | ||
| 出版信息: | 北京 生活·读书·新知三联书店 2022.09 |
|
| 页数: | 460页 | |
| 开本: | 23cm | |
| 丛书名: | ||
| 单 册: | ||
| 中图分类: | TU-53 | |
| 科图分类: | ||
| 主题词: | 建筑--文集 | |
| 电子资源: | ||
| ISBN: | 978-7-108-07408-9 | |
| 000 | 00880nam0 2200229 450 | |
| 001 | 2330508168 | |
| 005 | 20230512083031.43 | |
| 010 | @a978-7-108-07408-9@dCNY79.00 | |
| 096 | @aTU-5@bjl | |
| 100 | @a20221124d2022 em y0chiy50 ea | |
| 101 | 0 | @achi |
| 102 | @aCN@b110000 | |
| 105 | @aa z 000yd | |
| 200 | 1 | @a建筑师的家园 @9jian zhu shi de jia yuan @f金磊编 |
| 210 | @a北京@c生活·读书·新知三联书店@d2022.09 | |
| 215 | @a460页@c照片@d23cm | |
| 330 | @a本书收录了多位建筑师的文字,包括:《孙一民:建筑的理性》《张杰:蜻蜓飞来的地方》《张松:漂移的家园是折叠的记忆》《覃力:深圳高层建筑思考》《刘谞:喀什老城的高台房子》《李琦:我人生中的五座城市》等,带你走进建筑名家的家园世界,感受他们的成长之路和家园之情、家园之思。 | |
| 606 | 0 | @a建筑@j文集 |
| 690 | @aTU-53@v5 | |
| 701 | 0 | @a金磊@9jin lei@4编 |
| 801 | 0 | @aCN@b河南城建学院图书馆@c20221124 |
| 905 | @dTU-53@eJ7831 | |
| 建筑师的家园 /金磊编.-北京:生活·读书·新知三联书店,2022.09 |
| 460页:照片;23cm |
| ISBN 978-7-108-07408-9:CNY79.00 |
| 本书收录了多位建筑师的文字,包括:《孙一民:建筑的理性》《张杰:蜻蜓飞来的地方》《张松:漂移的家园是折叠的记忆》《覃力:深圳高层建筑思考》《刘谞:喀什老城的高台房子》《李琦:我人生中的五座城市》等,带你走进建筑名家的家园世界,感受他们的成长之路和家园之情、家园之思。 |
| ● |
| 相关链接 |
|
|
|
正题名:建筑师的家园
索取号:TU-53/J7831
 
预约/预借
| 序号 | 登录号 | 条形码 | 馆藏地/架位号 | 状态 | 备注 |
| 1 | 1506039 | 215060396 | 建筑与城市规划学院资料室/ [索取号:TU-53/J7831] | 在馆 | |
| 2 | 1506040 | 215060403 | 建筑与城市规划学院资料室/ [索取号:TU-53/J7831] | 在馆 |